Economics of development (Record no. 370978)

000 -LEADER
fixed length control field 00332cam a22001217a 4500
008 - FIXED-LENGTH DATA ELEMENTS--GENERAL INFORMATION
fixed length control field 180718b1969 xxu||||| |||| 00| 0 eng d
082 ## - DEWEY DECIMAL CLASSIFICATION NUMBER
Classification number T19 J981
100 ## - MAIN ENTRY--PERSONAL NAME
Personal name Jussawalla, M.F.
245 ## - TITLE STATEMENT
Title Economics of development
Statement of responsibility, etc. by M.F. Jussawalla
260 ## - PUBLICATION, DISTRIBUTION, ETC.
Place of publication, distribution, etc. Calcutta
Name of publisher, distributor, etc. Oxford & IBH
Date of publication, distribution, etc. 1969
300 ## - PHYSICAL DESCRIPTION
Extent 158p.
650 ## - SUBJECT ADDED ENTRY--TOPICAL TERM
Topical term or geographic name entry element Economic Development
Holdings
Withdrawn status Lost status Damaged status Not for loan Permanent Location Current Location Date acquired Full call number Barcode Date last seen Price effective from Koha item type
        Indian Institute of Public Administration Indian Institute of Public Administration 2009-01-16 T19 J981 DA1634 2018-07-21 2018-07-21 DA
        Indian Institute of Public Administration Indian Institute of Public Administration 2001-11-13 T19x1724 P419/2001 77105 2018-07-21 2018-07-21 Book
        Indian Institute of Public Administration Indian Institute of Public Administration 1994-06-08 T19 J981 43155 2018-07-21 2018-07-21 Book

Powered by Koha